| 000 | 00405nam a2200157Ia 4500 | ||
|---|---|---|---|
| 008 | 230524s9999 xx 000 0 und d | ||
| 020 | _a8120319524 | ||
| 082 |
_a621.382 _bKAL |
||
| 100 | _aSantiram Kal | ||
| 245 | 0 | _a"Basic Electronics : Devices, Circuits & IT Fundamentals" | |
| 260 |
_aNEW DELHI _bPHI _c2002 |
||
| 300 | _a575 | ||
| 500 | _aQuantity Number: 2 | ||
| 650 | _aElectronics | ||
| 942 | _cBK | ||
| 999 |
_c4453 _d4453 |
||